LEADER 01029nam a2200229 i 4500 001 000000177136 003 CaOOAMICUS 005 20090115000000.0 008 090115s1926 it u000 u mul u 013 $a154644 040 $aSeMil$bita 100 1 $aXenophon : Ephesius.$0(OLS)http://semarc/name/65908 245 14$aLes Éphésiaques ou Le roman d'Habrocomès et d'Anthia /$cXenophon d'Éphèse ; texte établi et traduit par Georges Dalmeyda. 260 $aParis :$bLes Belles Lettres,$c1926. 300 $aXXXIX, 77 p. ;$c21 cm. 490 0 $aCollection des Universités de France 700 1 $aDalmeyda, Georges.$0(OLS)http://semarc/name/65771 830 0$aCollection des Universités de France.$0(OLS)http://semarc/title/6036 850 $aSeMil 852 $aSeMil$W1$xVenegono$y1$m1Z VI 29$j237543$B127950$CSeMilBibl$Z2$F138469 $81 996 $6245$aLes Éphésiaques ou Le roman d'Habrocomès et d'Anthia$9(OLS)http://semarc/title/254373 996 $6260$aParis :$bLes Belles Lettres$9(OLS)http://semarc/publisher/30422 LEADER 01484nam a2200289 i 4500 001 000000212846 003 CaOOAMICUS 005 20240819150312.0 008 120430s1890 gw u000 u und u 013 $a191695 040 $aSeMil$bita 100 1 $aShakespeare, William,$d<1564-1616>.$0(OLS)http://semarc/name/1186 240 10$aKing Lear.$0(OLS)http://semarc/title/440096 245 10$aKing Lear /$cby William Shakespeare ; mit Anmerkungen zum Schulgebrauch herausgegeben von Alfred van der Velde. 264 1$aBielefield ; Leipzig :$bVelhagen & Klasing,$c1890. 300 $a129 p. ;$c17 cm +$e[1] all. (70 p.) 490 1 $aSammlung französischer und englischer Schriftsteller für den Schul- und Privatgebrauch 490 1 $aEnglish authors. Ausgabe B, mit Anmerkungen in einem Anhang ;$v49 500 $aIn allegato: Anhang zu King Lear 700 1 $aVelde, Alfred : van der.$0(OLS)http://semarc/name/75898 830 0$aSammlung französischer und englischer Schriftsteller für den Schul- und Privatgebrauch.$0(OLS)http://semarc/title/26016 830 0$aEnglish authors. Ausgabe B, mit Anmerkungen in einem Anhang ;$v49.$0(OLS)http://semarc/title/36030 850 $aSeMil 852 $aSeMil$W1$xVenegono$y1$m1P V 43 FA$j250350$B163276$CSeMilBibl$Z2$F174389 $8I 996 $6245$aKing Lear$9(OLS)http://semarc/title/307145 996 $6264$aBielefield ; Leipzig :$bVelhagen & Klasing$9(OLS)http://semarc/publisher/34567